Представление документа в формате RUSMARC

ПолеНазваниеЗначение
  Тип записи a
  Библиографический уровень c
001 Контрольный номер RU/SLIB/B/208766815
005 Дата корректировки 20201206204244.4
010 Индекс ISBN __
d Цена 1-80
101 Язык документа __
a Язык текста rus
200 Заглавие и сведения об ответственности 0_
a Заглавие Избранные произведения
f Первые сведения об ответственности Н. С. Атаров
b Общее обозначение материала Текст
h Номер части Т. 1
210 Выходные данные __
a Место издания М.
c Издательство Худож. лит.
d Дата издания 1978
215 Физическое описание __
a Объем 350 с.
327 Примечание о содержании __
a Примечание о содержании Переливчатая музыка (рассказ)
327 Примечание о содержании __
a Примечание о содержании Зимняя свадьба (рассказ)
327 Примечание о содержании __
a Примечание о содержании Царский вагон (рассказ)
327 Примечание о содержании __
a Примечание о содержании Вдоль берега (рассказ)
327 Примечание о содержании __
a Примечание о содержании У виноградных лоз (рассказ)
327 Примечание о содержании __
a Примечание о содержании Жар-птица (рассказ)
327 Примечание о содержании __
a Примечание о содержании Погремушка (рассказ)
327 Примечание о содержании __
a Примечание о содержании Людмила (рассказ)
327 Примечание о содержании __
a Примечание о содержании Коротко лето в горах (повесть)
327 Примечание о содержании __
a Примечание о содержании А я люблю лошадь (повесть)
606 Тематические рубрики __
a Основная рубрика Художественная литература
606 Тематические рубрики __
a Основная рубрика Русская литература XX в. (произведения)
610 Ключевые слова __
a Ключевые слова рассказы; повести; публицистика; проза; писатели
686 Индексы других классификаций __
a Классификационный индекс 84(2Рос=Рус)6-4
700 Автор _1
a Фамилия Атаров
b Имя Н. С.
4 Код отношения 070
801 Источник записи _0
a Страна RU
b Организация Муниципальное бюджетное учреждение культуры "Централизованная библиотечная система" г. Сургут (Центральная городская библиотека им. А. С. Пушкина)
g Правила каталогизации КиК/Михайлова
801 Источник записи _1
a Страна RU
b Организация Муниципальное бюджетное учреждение культуры "Централизованная библиотечная система" г. Сургут (Центральная городская библиотека им. А. С. Пушкина)
g Правила каталогизации КиК/Михайлова
852 Данные о местонахождении __
j Шифр хранения 84(2Рос=Рус)6-4
i Авторский знак А 92
p Инвентарный номер 131020(с)
901 Тип документа __
t Тип документа x
969 Тип издания __
a Тип издания сборник
990 Данные о заказе (DOS) __
j Количество экземпляров (DOS) 1
t N записи в КСУ для И/У (DOS) ретро